Cały tekst piosenki pt. "Szlugi i kalafiory" Taco Hemingwaya - Statystyki

Ogólne statystyki
  • Ten quiz został rozwiązany 200 razy
  • Średni wynik to 189 z 289
Statystyki odpowiedzi
Odpowiedź % Poprawnych
I
96%
Ja
96%
Kalafiory
96%
Szlugi
96%
Miasto
95%
Pachnie
95%
To
95%
Jak
93%
W
90%
Z
83%
Swoje
77%
Po
74%
By
73%
Dzieciaki
72%
Piekle
72%
Upiory
72%
Wściekle
71%
Smażone
70%
Mięso
69%
Ten
69%
Patrzą
68%
67%
Panie
64%
Tylko
64%
Tańce
63%
Tańczę
63%
Tu
63%
Władzo
63%
Zgubić
62%
Mieście
61%
Przechodnie
60%
Te
59%
Wciąż
59%
Krążą
58%
Ma
57%
57%
Nie
57%
Się
56%
Węszą
56%
Czterdziestoletni
55%
Upić
54%
Za
54%
Mnie
53%
No
52%
Do
51%
Ex
51%
Idę
51%
Jest
51%
Moje
51%
Palę
51%
Piotra
51%
Tej
51%
Więc
51%
Betonu
50%
Fajki
50%
Pogubionych
50%
Telefonów
50%
Wódę
50%
Bo
49%
Kobiet
49%
Mentole
49%
Od
49%
Poznaj
49%
Usłaną
49%
Wiem
49%
Zielone
49%
Znów
49%
Ci
48%
Kąsek
48%
Komu
48%
Ścieżka
48%
Tankują
48%
Zieleń
48%
On
47%
Podkreśla
47%
Słuchaczu
47%
Smalcem
47%
Że
47%
Dla
46%
Łakomy
46%
Nią
46%
Nike'i
46%
Ostry
46%
Paczki
46%
Piotrek
46%
Sam
46%
Sumie
46%
Szronem
46%
Tobie
46%
Uprawiał
46%
Wygadam
46%
Czterech
45%
Jestem
45%
Sytuacja
45%
Wielu
45%
Cała
44%
Domu
44%
Ich
44%
Kompleks
44%
Krainie
44%
Łotr
44%
Miód
44%
Mleko
44%
Monogamia
44%
Stąd
44%
Tak
44%
Tygodni
44%
Bajki
43%
Kroczę
43%
Która
43%
Może
43%
Pieprzone
43%
Śledzę
43%
Szklanym
43%
Trzech
43%
Wirują
43%
Zapytaj
43%
Zwykle
43%
Co
42%
Idź
42%
Tekst
42%
Walcem
42%
Wpędza
42%
Daje
41%
Iphone'ów
41%
Konspekt
41%
Płynie
41%
Stado
41%
Wkładać
41%
Ale
40%
Całe
40%
Dymem
40%
Gąsek
40%
Lajki
40%
Między
40%
Pewien
40%
Prawie
40%
Szkicuję
40%
Znowu
40%
Już
39%
Czemu
38%
Płuca
38%
No thanks
37%
Zwykłem
37%
Jej
36%
Też
36%
Dygoczą
35%
Teraz
35%
Oh
34%
Pech
34%
Plotki
34%
Wszystkie
33%
Nie znaleziono quizów pasujących do podanych kryteriów
Rozkład punktacji
Procent ludzi z każdym wynikiem
Percentyl według liczby udzielonych odpowiedzi
Twoja historia wyników
Nie rozwiązałeś tego quizu